Bārish men̲ judaʼī. (Record no. 56037)
[ view plain ]
| 000 -LEADER | |
|---|---|
| fixed length control field | 00497cam a22002051 4500 |
| 001 - CONTROL NUMBER | |
| control field | sa 64000129 |
| 003 - CONTROL NUMBER IDENTIFIER | |
| control field | DLC |
| 005 - DATE AND TIME OF LATEST TRANSACTION | |
| control field | 20260227111953.0 |
| 008 - FIXED-LENGTH DATA ELEMENTS--GENERAL INFORMATION | |
| fixed length control field | 070530s1961 pk 000 0 urd |
| 010 ## - LIBRARY OF CONGRESS CONTROL NUMBER | |
| LC control number | sa 64000129 |
| 040 ## - CATALOGING SOURCE | |
| Original cataloging agency | DLC |
| Transcribing agency | DLC |
| Modifying agency | DLC |
| 050 00 - LIBRARY OF CONGRESS CALL NUMBER | |
| Classification number | Pk2200.H342 |
| Item number | B3 |
| 100 1# - MAIN ENTRY--PERSONAL NAME | |
| Personal name | Hamid, Abdul, |
| Dates associated with a name | 1928-2011. |
| 245 10 - TITLE STATEMENT | |
| Title | Bārish men̲ judaʼī. |
| 260 ## - PUBLICATION, DISTRIBUTION, ETC. | |
| Date of publication, distribution, etc. | [1961] |
| 300 ## - PHYSICAL DESCRIPTION | |
| Extent | 450 p. |
| Dimensions | 19 cm. |
| 500 ## - GENERAL NOTE | |
| General note | In Urdu. |
| 500 ## - GENERAL NOTE | |
| General note | A novel. |
| 500 ## - GENERAL NOTE | |
| General note | Text partially vocalized. |
No items available.